000 00989nam a2200205 a 4500
001 54806
005 20180714045835.0
008 140415s2000 000 0 eng d
020 _a0471314315
041 _aeng
082 _a543.0812
_bANA
245 0 0 _aANALYTICAL CHEMISTRY IN A GMP ENVIRONMENT :
_bA PRACTICAL GUIDE
250 _a1a ed.
260 _a[s.l.] :
_bJOHN WILEY AND SONS, INC.,
_c2000
300 _a488
_c16 x 2.4 x 24
520 _aWITH INCREASED REGULATORY PRESSURES ON THE PHARMACEUTICAL INDUSTRY, THERE IS A GROWING NEED FOR CAPABLE ANALYSTS WHO CAN ENSURE APPROPIATE SCIENTIFIC PRACTICES IN LABORATORIES AND MANUFACTURING SITIES WORLDWIDE. BASED ON JOHNSON AND JOHNSON`S ACCLAIMED IN-HOUSE TRAINING PROGRAM, THIS PRACTICAL GUIDE PROVIDES GUIDANCE FOR MANUFACTURING PRACTICES
650 1 4 _aINDUSTRIA FARMACEUTICA
_xQUIMICA ANALITICA
700 1 _aLAYLOFF, THOMAS P.
_eprĂ³l.
700 1 _aMILLER, JAMES M. (Ed.) -CROWTHER, JONATHAN B. (Ed.)
_ecoaut.
999 _c54806
_d54806